000 00825nam a2200241 a 4500
001 000035013
005 20200930074040.0
008 111024s1956 mx 000 0 spa d
040 _aDO-SdBNP
_bspa
_cBNPHU
082 _axxxx
_bW855i, 1956
100 1 _aWolff, Werner
_960632
240 0 _aWhat is psychology
_lEspañol
245 1 0 _aIntroducción a la psicología. /
_cWerner Wolff ; traducción de Federico Pascual del Rondal.
250 _a2a ed.
260 _aMéxico :
_bFondo Cultura Económica,
_c1956.
300 _a369 p. ;
_c17 cm.
490 1 _aBreviarios
_v82
500 _aTraducido del inglés
504 _aBibliografía :p. 354-362
590 _aPerteneció a la biblioteca personal de Juan Isidro Jimenes Grullón.
700 1 _aRondal, Federico Pascual del
_960633
830 0 _aBreviarios
_v82
_916416
999 _c34504
_d34504